|
|
|
|
| LEADER |
01221nam a2200277 a 4500 |
| 001 |
00017812 |
| 003 |
BD-DhAAL |
| 008 |
090702s2003 ctuaa b 001 0 eng d |
| 010 |
|
|
|a 2003103217
|
| 020 |
|
|
|a 9781856695558
|
| 040 |
|
|
|a NHP
|c NHP
|d CtY
|d DLC
|d BD-DhAAL
|
| 082 |
0 |
0 |
|a 721.044
|2 22
|
| 100 |
1 |
|
|a Weston, Richard,
|d 1953-
|9 31933
|
| 245 |
1 |
0 |
|a Materials, form, and architecture /
|c Richard Weston.
|
| 260 |
|
|
|a New Haven, Conn. :
|b Yale University Press,
|c 2003.
|
| 300 |
|
|
|a 1 v. (unpaged) :
|b ill. (chiefly col.) ;
|c 26 cm
|
| 504 |
|
|
|a Includes bibliographical references.
|
| 526 |
|
|
|a ARC
|x Md. Shajjad Hossain,
Faculty members of the Department of Architecture
|
| 541 |
1 |
|
|e 00017812
|a Zeenat Book Supply Ltd
|
| 650 |
|
0 |
|a Building materials.
|9 31934
|
| 650 |
|
0 |
|a Architecture.
|9 31935
|
| 650 |
|
0 |
|a Form (Aesthetics).
|9 31936
|
| 852 |
4 |
|
|a Ayesha Abed Library
|c General Stacks
|
| 942 |
|
|
|2 ddc
|c BK
|
| 999 |
|
|
|c 1984
|d 1984
|
| 952 |
|
|
|0 0
|1 0
|2 ddc
|4 0
|6 721_044000000000000_WES_2003
|7 0
|9 1821
|a BRACUL
|b BRACUL
|c GEN
|d 2009-07-02
|e Zeenat Book Supply Limited
|g 2693.00
|l 8
|m 14
|o 721.044 WES
|p 3010017812
|r 2018-11-06
|s 2018-10-15
|t 1
|w 2009-07-02
|y BK
|x Requisitioned by Md. Shajjad Hossain (Faculty members of the Department of Architecture)
|